Movies Quiz

Random Movies or Marvel Quiz

Marvel comic movies Quiz Stats

 Plays Quiz not verified by Sporcle

Score 0/23 Timer 03:00
0 Plays Today
Год Название % Correct
2008Железный Человек
98.5%
2012Мстители
95%
2010Железный Человек 2
91.3%
2011Тор
91.2%
2011Первый Мститель
90.5%
2013Железный Человек 3
85%
2015Мстители: Эра Альтрона
80.1%
2008Невероятный Халк
78.7%
2019Мстители: Финал
74.1%
2018Мстители: Война Бесконечности
70.7%
2014Первый Мститель: Другая Война
66.1%
2016Первый Мститель: Противостояние
65.3%
Год Название % Correct
2014Стражи Галактики
64.5%
2013Тор 2: Царство Тьмы
63.2%
2015Человек-Муравей
63.2%
2017Человек-Паук: Возвращение Домой
61.8%
2019Человек-Паук: Вдали от Дома
58.4%
2017Стражи Галактики 2
52.5%
2017Тор: Рагнарек
51.4%
2019Капитан Марвел
49.3%
2018Черная Пантера
47.5%
2018Человек-Муравей и Оса
47.4%
2016Доктор Стрендж
45.2%

You're not logged in!

Compare scores with friends on all Sporcle quizzes.
OR
Log In

Sporcle TV

Today on Sporcle TV


Watch our educational content, quiz creation guides, and fun videos on Sporcle TV.

Show Comments

Extras

Created Aug 12, 2019ReportNominate
Tags:Marvel Quiz

Top Quizzes Today


Score Distribution

Your Account Isn't Verified!

In order to create a playlist on Sporcle, you need to verify the email address you used during registration. Go to your Sporcle Settings to finish the process.

Report this User

Report this user for behavior that violates our Community Guidelines.

Details: